000
00315nam a22001217a 4500
020
_a
07-010794-7
082
_a
658 CHI'M
100
_a
CHIRONIS, NICHOLAS P
_9
75253
245
_a
MANAGEMENT GUIDE FOR ENGINEER'S AND TECHNICAL ADMINISTRATION
260
_a
NEWYORK
_b
MCGRAW HILL
_c
1969
300
_a
376P
942
_c
BK
999
_c
580708
_d
580708